Das Jahr 1907 - Statistiken

Allgemein
  • Dieses Quiz wurde 116 mal gespielt
  • Das Durchschnittsergebnis liegt bei 15 aus 26
Antwortstatistiken
Datum Ereignis % Korrekt
25. Januar Bei der Wahl zum deutschen Reichstag wird die {SPD} stärkste Partei, erhält aufgrund des Wahlsystems aber nicht die meisten Sitze.
94%
21. März Ein Vorschlag für den Bau eines Tunnels unter dem {Ärmelkanal} wird von der britischen Regierung aufgrund von Befürchtungen hinsichtlich einer französischen Invasion abgelehnt.
88%
19. Januar Mohammed Ali Schah wird zum Schah von {Persien} gekrönt, wo er jedoch nur zwei Jahre regieren sollte.
88%
4. August Lucien Petit-Breton gewinnt die {Tour} {de} {France}, da sich sein schärfster Konkurrent ein Fahrrad von einem Zuschauer ausgeliehen hatte und mit Punktabzug bestraft wurde.
87%
1. Februar Als "Sportverein Vogelheim" wird der Fußballclub Rot-Weiss {Essen} gegründet, der 1955 die Deutsche Meisterschaft gewinnen sollte.
86%
14. November Die schwedische Kinderbuchautorin {Astrid} {Lindgren} ("Pippi Langstrumpf") wird geboren.
85%
15. November In Bayern wird Claus Schenk Graf von {Stauffenberg} geboren, dessen Attentat an Adolf Hitler im Juli 1944 scheiterte.
81%
6. Juni Die Firma Henkel bringt das Waschmittel {Persil} in der charakteristischen grünen Verpackung auf den Markt.
80%
8. Dezember Nach dem Tod von Oskar II. wird sein ältester Sohn Gustav V. König von {Schweden}.
79%
3. Juli Der spanische Künstler {Pablo} {Picasso} stellt sein bahnbrechendes Gemälde "Les Demoiselles d’Avignon" fertig.
68%
25. November In Leipzig wird die Einkaufsgenossenschaft der Kolonialwarenhändler (kurz {EDEKA}) gegründet, die zu einer der größten Supermarktkette Deutschlands werden sollte.
68%
11. September Im kanadischen Vancouver kommt es zu Krawallen, bei denen weiße Einwohner gegen asiatische Einwanderer aus {Japan} vorgehen.
66%
7. Mai In Hamburg wird der Tierpark {Hagenbeck} an seinem jetzigen Standort als erster gitterloser Zoo der Welt eröffnet.
59%
27. Oktober Neben dem KaDeWe und dem Strandbad Wannsee wird in diesem Jahr in Berlin auch das Hotel {Adlon} durch Kaiser Wilhelm II. eröffnet.
53%
4. September In Bergen stirb der norwegische Komponist Edvard {Grieg}, der insbesondere für seine "Peer Gynt Suite" bekannt ist.
52%
10. Juni Mit dem Ziel Paris startet in der asiatischen Metropole {Peking} die mit knapp 16.000 km längste Autorallye aller Zeiten.
52%
31. Oktober In London schließen das Vereinigte Königreich, Frankreich und Russland ein Dreierbündnis, die sogenannte Triple {Entente}.
47%
6. Dezember Bei der schlimmsten Bergbaukatastrophe in den Vereinigten Staaten sterben bei einer Kohlenstaubexplosion in Monongah im Staat {West} {Virginia} 362 Bergleute.
34%
10. Dezember Der britische Schriftsteller {Rudyard} {Kipling} ("Das Dschungelbuch") erhält den Literatur-Nobelpreis.
32%
19. November Der österreichische Künstler {Gustav} {Klimt} stellt sein Bild "Adele Bloch-Bauer I" fertig, das 100 Jahre später zum am teuersten verkauften Gemälde aller Zeiten werden sollte.
31%
12. Mai In Connecticut wird die Schauspielerin {Katharine} {Hepburn} geboren, die mit der Rekordzahl von vier Oscars ausgezeichnet werden sollte (u. a. für "Rat mal, wer zum Essen kommt").
29%
2. November Der Dichter {Rainer} {Maria} {Rilke} veröffentlicht seinen Gedichtband "Neue Gedichte", der unter anderem das Gedicht "Der Panther" enthält.
28%
16. November Durch den Zusammenschluss von zwei Territorien - darunter das Indian Territory - wird {Oklahoma} zum 46. US-Bundesstaat, zunächst mit Guthrie als Hauptstadt.
26%
2. Februar Der russische Chemiker Dmitri {Mendelejew}, der als Erfinder des Periodensystems der Elemente gilt, stirbt.
25%
22. Mai In Brüssel wird Georges Remi geboren, der als Comiczeichner unter dem Pseudonym {Hergé} vor allem für die Serie "Tim und Struppi" bekannt wurde.
21%
8. Mai Der kontrovers diskutierte Gedichtzyklus "Der siebente Ring" des deutschen Dichters Stefan {George} wird veröffentlicht.
15%
Keine übereinstimmenden Quizze gefunden
Verteilung der Resultate
Anzahl Personen mit jedem Resultat
Perzentil nach korrekt beantworteten Fragen
Ihre Resultats-Entwicklung
Sie haben dieses Quiz noch nicht gespielt